| 000 | 00395nam a2200145 4500 | ||
|---|---|---|---|
| 999 |
_c509962 _d509962 |
||
| 008 | 190711b ||||| |||| 00| 0 eng d | ||
| 100 |
_aAuerbach, Alan J. _96903 |
||
| 245 | _aMeasuring the effects of corporate tax cuts | ||
| 260 | _c2018 | ||
| 300 | _ap.97-119. | ||
| 650 |
_aTaxation _96902 |
||
| 773 | _aJournal of Economic Perspectives | ||
| 906 | _aCorporation - Tax | ||
| 942 |
_2ddc _cAR |
||